000 01198nam a2200229Ia 4500
001 L220-4502
003 IT-CnALBA
008 170116s9999||||xx |||||||||||||| ||und||
040 _aIT-CnALBA
_cIT-CnALBA
041 _aITALIANO
100 _aMARCONCINI BENITO
245 0 _aINVITO ALLA BIBBIA.
250 _a1a ed.
260 _a ROMA
_bCENTRO UT UNUM SINT
_c1974 [1° Ed.:1974 - Ed.Ling.Originale: 1974]
300 _a402 p. (prefazione: 34)
500 _aMETODOLOGIA. CREAZIONE. ESODO, ALLEANZA, DONO DELLA TERRA, RE E PROFETI PER IL POPOLO DI DIO, PECCATO E CONVERSIONE, SALVEZZA, INCARNAZIONE, MINISTERO DI GESÙ. PASSIONE, RISURREZIONE, SPIRITO DI COMUNIONE E AMORE. CHIESA, REGNO E FAMIGLIA DI DIO. LAMI LOR
501 _aSocietà San Paolo EM - Piazza San Paolo, 14 - 12051 ALBA (CN) (non commercial uses only) ® Copyright 2017
520 _aMETODOLOGIA. CREAZIONE. ESODO, ALLEANZA, DONO DELLA TERRA, RE E PROFETI PER IL POPOLO DI DIO, PECCATO E CONVERSIONE, SALVEZZA, INCARNAZIONE, MINISTERO DI GESÙ. PASSIONE, RISURREZIONE, SPIRITO DI COMUNIONE E AMORE. CHIESA, REGNO E FAMIGLIA DI DIO. LAMI LOR
650 _aBIBBIA - TESTI E COMMENTI
942 _cBK
957 _71
999 _a5479
_bNO
_g Copie: 1
_c263687
_d263687